000 01619nab a22002417a 4500
999 _c5364
_d5364
003 OSt
005 20250225232709.0
008 190603e xxum|||| |||| 00| 0 spa d
040 _cPJ-TDF
100 _96364
_aMoreno, Valeria
245 1 0 _aCriptoactivos /
_cValeria Moreno.
260 _cCiudad Autónoma de Buenos Aires :
_aThomson Reuters La Ley,
_b2024.
300 _ap. 62-71
500 _aCita: TR LALEY AR/DOC/2772/2024.
505 _a Sumario: I. Introducción y caracterización.— II. Clases de criptoactivos.— III. Algunas precisiones terminológicas.— IV. Los criptoactivos y las criptomonedas.— V. Naturaleza jurídica de las criptomonedas. Doctrina.— VI. Nuestra posición sobre la naturaleza jurídica de determinadas criptomonedas.— VII. Los actores en el mercado de criptoactivos: el reglamento MICA y su normativa para el emisor y los proveedores de servicios de activos digitales.— VIII. Naturaleza del contrato que realizan los proveedores de servicios de activos digitales y los usuarios en el mercado de criptoactivos.— IX. Los principios UNIDROIT sobre activos digitales y el derecho privado. En busca de un marco legal.
505 _t¿Te interesa el texto completo? Solicitalo al correo: koha@justierradelfuego.gov.ar
650 0 _92068
_aOBLIGACIONES EN MONEDA EXTRANJERA
650 0 _9530
_aOBLIGACIONES DE DAR SUMAS DE DINERO
650 0 _96399
_aMONEDA VIRTUAL
650 0 _96398
_aCRIPTOMONEDA
773 0 _02713
_93170
_dCiudad Autónoma de Buenos Aires : Thomson Reuters La Ley, 2015-
_tRevista Código Civil y Comercial. Nº 6 - Diciembre 2024
942 _2udc
_cANA